00477nam a2200133 a 4500008004100000020001500041050001800056100001900074245009000093246008700183260004200270300002200312350000900334120416s0000 ||||||||||||||||| || u a085365784X aZ 673.L74 Dev aDudley, Edward14aThe development of national library and information servicescedited by Edward Dudley apapers given at the first Library Association International Workshop, London, 1981 aLondonbThe Library Associationc1983 axii, 202p. : ill. a0.00